000 00846nam a2200217Ia 4500
001 18558
003 GE_BSU
008 181216s||||||||xx |||||||||||||| ||und||
040 _cGE_BSU
080 _a821.353.1-11
100 _aჯულაყიძე,თეიმურაზ.
245 _aფიქრები საქართველოზე:საქართველოს გადარჩენის გზა წიგნი:2
245 _bცისავარ:(რვა მოქმედებიანი დრამა)
260 _aთბილისი
260 _bუნივერსალი
260 _c2016
300 _a99გვ;ილ;20სმ.
653 _aფიქრები საქართველოზე
653 _aქართული ლიტერატურა
942 _cBK
999 _c51567
_d51567